Being hindu / (Record no. 102205)

MARC details
000 -LEADER
fixed length control field 00962nam a22002417a 4500
005 - DATE AND TIME OF LATEST TRANSACTION
control field 20170801102435.0
010 ## - LCCN (DPL NO)
LC control number 1617EN ENG-117178
020 ## - INTERNATIONAL STANDARD BOOK NUMBER
International Standard Book Number 9780143425328
Terms of availability 399.00
035 ## - SYSTEM CONTROL NUMBER
System control number B-649267-278
035 ## - SYSTEM CONTROL NUMBER
System control number EN-100710
035 ## - SYSTEM CONTROL NUMBER
System control number B-667255
037 ## - SOURCE OF ACQUISITION
Stock number DPL
Source of stock number/acquisition AAKAR
082 ## - DEWEY DECIMAL CLASSIFICATION NUMBER
Classification number 220
100 ## - MAIN ENTRY--PERSONAL NAME
Personal name Sengupta, Hindol
245 ## - TITLE STATEMENT
Title Being hindu /
Statement of responsibility, etc by Hindol Sengupta
260 ## - PUBLICATION, DISTRIBUTION, ETC. (IMPRINT)
Place of publication, distribution, etc Gurgaon
Name of publisher, distributor, etc Penguin Books
Date of publication, distribution, etc 2015
270 ## - ADDRESS
Address 7th floor, infinity Toer C, DLF Cyber City
City Gurgaon (Haryana)
Postal code 122002
300 ## - PHYSICAL DESCRIPTION
Extent xxx,192p.
Dimensions 24cm(pbk)
500 ## - GENERAL NOTE
General note includs index
942 ## - ADDED ENTRY ELEMENTS (KOHA)
Source of classification or shelving scheme Dewey Decimal Classification
Item type English Books
Classification part 220
Call number suffix SEN
Holdings
Withdrawn status Lost status Not for loan Collection code Home library Current library Date acquired Source of acquisition Cost, normal purchase price Full call number Barcode Copy number Cost, replacement price Koha item type
      Non-fiction Ashok Vihar Ashok Vihar 01/08/2017 BPPD/EN/2016-17/AV/16-17/451/15.2.2017/I-3323/1.3.2017/ 17.3.2017 399.00 220 SEN B-667255 1 399.00 English Books
      Non-fiction Bagh Kadhe Khan Bagh Kadhe Khan 03/03/2017 BPPD/EN/2016-17/285/24.11.2016/I-2590/8.12.2016/2.1.2017 399.00 220 SEN B-649276 1 399.00 English Books
    Not For Loan Non-fiction D.B.Act.Division Bawana 25/01/2017 DBAD/PUB 399.00 220 SEN EN-100710 1 399.00 English Books
      Non-fiction Bawana Bawana 03/03/2017 BPPD/EN/2016-17/285/24.11.2016/I-2590/8.12.2016/2.1.2017 399.00 220 SEN B-649274 1 399.00 English Books
      Non-fiction Central Library Central Library 03/03/2017 BPPD/EN/2016-17/285/24.11.2016/I-2590/8.12.2016/2.1.2017 399.00 220 SEN B-649267 1 399.00 English Books
      Non-fiction Janak Puri Janak Puri 03/03/2017 BPPD/EN/2016-17/285/24.11.2016/I-2590/8.12.2016/2.1.2017 399.00 220 SEN B-649271 1 399.00 English Books
      Non-fiction Kasturba Gandhi Marg Kasturba Gandhi Marg 03/03/2017 BPPD/EN/2016-17/285/24.11.2016/I-2590/8.12.2016/2.1.2017 399.00 220 SEN B-649270 1 399.00 English Books
      Non-fiction New Police Line New Police Line 03/03/2017 BPPD/EN/2016-17/285/24.11.2016/I-2590/8.12.2016/2.1.2017 399.00 220 SEN B-649268 1 399.00 English Books
      Non-fiction New Rohtak Road New Rohtak Road 03/03/2017 BPPD/EN/2016-17/285/24.11.2016/I-2590/8.12.2016/2.1.2017 399.00 220 SEN B-649275 1 399.00 English Books
      Non-fiction Patel Nagar Patel Nagar 03/03/2017 BPPD/EN/2016-17/285/24.11.2016/I-2590/8.12.2016/2.1.2017 399.00 220 SEN B-649269 1 399.00 English Books
      Non-fiction R.K.Puram-8 R.K.Puram-8 03/03/2017 BPPD/EN/2016-17/285/24.11.2016/I-2590/8.12.2016/2.1.2017 399.00 220 SEN B-649273 1 399.00 English Books
      Non-fiction Sarojini Nagar Sarojini Nagar 03/03/2017 BPPD/EN/2016-17/285/24.11.2016/I-2590/8.12.2016/2.1.2017 399.00 220 SEN B-649272 1 399.00 English Books
      Non-fiction Shahdara Branch Shahdara Branch 03/03/2017 BPPD/EN/2016-17/285/24.11.2016/I-2590/8.12.2016/2.1.2017 399.00 220 SEN B-649277 1 399.00 English Books
      Non-fiction Yojana Vihar Yojana Vihar 03/03/2017 BPPD/EN/2016-17/285/24.11.2016/I-2590/8.12.2016/2.1.2017 399.00 220 SEN B-649278 1 399.00 English Books

© Delhi Public Library
Hit Counter
free hit counter